| 000 | 00387nam a2200157Ia 4500 | ||
|---|---|---|---|
| 008 | 230917s9999||||xx |||||||||||||| ||und|| | ||
| 040 |
_e80486 _aMAIN |
||
| 041 | _aEnglish | ||
| 082 | _a658.3 S64P | ||
| 100 | _aSingh, B P | ||
| 245 | 0 | _aPersonnel management and industrial relations | |
| 250 | _a2nd ed. | ||
| 260 |
_aDelhi _bDhanpat Rai _c1995 |
||
| 300 | _axi, 594 p. | ||
| 942 | _cBK | ||
| 999 |
_c84034 _d84034 |
||